01560cam a22002534a 4500020001500000020001800015040000800033082002600041110001600067245012000083260004700203300003100250490003100281520069700312650002301009650005301032650001801085650001901103650004601122650002401168650003701192710001601229856006101245 a0821369644 a9780821371046 cLDC a332 WOR 2007 A066 Or.2 aWorld Bank.10aGlobal Development Finance 2007 (Complete Edition)bThe Globalization of Corporate Finance in Developing Countries. aWashington, D.C. :bThe World Bank,c2007. a1 online resource (632 p.)1 aGlobal Development Finance3 aGlobal Development Finance (GDF), is the World Bank's annual review of recent trends in and prospects for financial flows to developing countries. It is an indispensable resource for governments, economists, investors, financial consultants, academics, bankers, and the entire development community. Vol I: Analysis and Outlook reviews recent trends in financial flows to developing countries. Vol II. Summary and Country Tables* includes comprehensive data for 138 countries, as well as summary data for regions and income groups. Also available on CD-ROM, with more than 200 historical time series from 1970 to 2005, and country group estimates for 2006. Vol II. Summary and Country Tables. 4aAccess to Finance. 4aBankruptcy and Resolution of Financial Distress. 4aDebt Markets. 4aExternal Debt. 4aFinance and Financial Sector Development. 4aFinancial Literacy. 4aInternational Economics & Trade.2 aWorld Bank.40uhttp://elibrary.worldbank.org/content/book/9780821369647